Role of Magnetic Resonance Imaging in Diagnosis of Meniere’s Disease / (رقم التسجيلة. 164184)

تفاصيل مارك
000 -LEADER
fixed length control field 02326nam a2200301Ia 4500
005 - DATE AND TIME OF LATEST TRANSACTION
control field 20250223033120.0
008 - FIXED-LENGTH DATA ELEMENTS--GENERAL INFORMATION
fixed length control field 231030s9999 xx 000 0 und d
049 ## - LOCAL HOLDINGS (OCLC)
Holding library Deposit
082 ## - DEWEY DECIMAL CLASSIFICATION NUMBER
Classification number 617.882
097 ## - Thesis Degree
Thesis Level M.Sc.
099 ## - LOCAL FREE-TEXT CALL NUMBER (OCLC)
Classification number Cai01.11.12.M.sc.2022.He.R.
100 ## - MAIN ENTRY--PERSONAL NAME
Personal name Heba Mohamed Abd El-Rahman Negm,
245 ## - TITLE STATEMENT
Title Role of Magnetic Resonance Imaging in Diagnosis of Meniere’s Disease /
Statement of responsibility, etc. Supervisors Mohamed Hafez Shaaban ؛ By Heba Mohamed Abd El-Rahman NegmMohamed Ibrahim Shabana,Mona Mohamed Hamdy
246 ## - VARYING FORM OF TITLE
Title proper/short title دور الرنين المغناطيسي في تشخيص مرضالمنيير
260 ## - PUBLICATION, DISTRIBUTION, ETC.
Date of publication, distribution, etc. 2022.
336 ## - CONTENT TYPE
Source rda content
Content type term text
337 ## - MEDIA TYPE
Source rdamedia
Media type term Unmediated
338 ## - CARRIER TYPE
Source rdacarrier
Carrier type term volume
502 ## - DISSERTATION NOTE
Dissertation note Thesis (M.Sc.)-Cairo University,2022.
504 ## - BIBLIOGRAPHY, ETC. NOTE
Bibliography, etc. note Bibliography: p. 117-149.
520 ## - SUMMARY, ETC.
Summary, etc. شملت الدراسة الحالية 02 مريضا بالغا يعاني من الدوار الحركى. كان الغرض من هذه الدراسة قياس اهميه الرنين المغناطيسي في تشخيص مرض المنيير. و قد خضعت جميع الحاالت ألخذ التاريخ المرضى بالكامل، والفحص األذنى الكامل، والتقييم السمعي األساسي بما في ذلك ،اختبار االتزان بالجهد المثار العضلى الدهليزي و عمل اشعه الرنين المغناطيسي وقد اظهرت األذن المصابة ا ً تأخر ا ً كبير في مدة كمون موجة بي 31و ان ًض 01 في األذن المتأثرة ا وانخفا ملحوظًا في سعة موجة بي 31 -ان01 و كانت هناك نسبة اختالف كبير بين نسبة الفرق فى السعة بين االذنين بين الجانب المتأثر وغير المتأثر وقد اظهرت في مرض المنيير.sacculeبعض الحاالت في الرنين المغناطيسي كبر حجم كيس االذن الداخلية وكشفت هذه الدراسة ان الرنين المغناطيسي له دور هام في تأكيد تشخيص مرض المنيير
650 ## - SUBJECT ADDED ENTRY--TOPICAL TERM
Topical term or geographic name entry element Ménière’s disease
653 ## - INDEX TERM--UNCONTROLLED
Uncontrolled term Perilymph
700 ## - ADDED ENTRY--PERSONAL NAME
Personal name Mona Mohamed Hamdy.
856 ## - ELECTRONIC LOCATION AND ACCESS
Uniform Resource Identifier <a href="http://172.23.153.220/th.pdf">http://172.23.153.220/th.pdf</a>
905 ## - LOCAL DATA ELEMENT E, LDE (RLIN)
Cataloger Mohamady
942 ## - ADDED ENTRY ELEMENTS (KOHA)
Koha item type Thesis
Source of classification or shelving scheme Dewey Decimal Classification
المقتنيات
Source of classification or shelving scheme Not for loan Home library Current library Date acquired Full call number Barcode Date last seen Koha item type
Dewey Decimal Classification   المكتبة المركزبة الجديدة - جامعة القاهرة قاعة الرسائل الجامعية - الدور الاول 11.02.2024 Cai01.11.12.M.sc.2022.He.R. 01010110086266000 30.10.2023 Thesis
Cairo University Libraries Portal Implemented & Customized by: Eng. M. Mohamady Contacts: new-lib@cl.cu.edu.eg | cnul@cl.cu.edu.eg
CUCL logo CNUL logo
© All rights reserved — Cairo University Libraries
CUCL logo
Implemented & Customized by: Eng. M. Mohamady Contact: new-lib@cl.cu.edu.eg © All rights reserved — New Central Library
CNUL logo
Implemented & Customized by: Eng. M. Mohamady Contact: cnul@cl.cu.edu.eg © All rights reserved — Cairo National University Library